000 03599cam a22012614i 4500
003 PE-LiUPU
005 20250813185416.0
008 100527s2010 sp a 000 0 spa d
020 _a9788498392289
035 _a(Sirsi) i9788498392289
035 _a(OCoLC)868724950
040 _aBNM
_bspa
_erdc
_cBNM
_dOCLCQ
_dPE-LiUPU
_erda
049 _aPRUA
082 0 4 _a344.0465
_bC12
_220
100 1 _aCabaleiro Portela, Víctor Manuel,
_d1967-,
_eautor.
245 1 0 _aPrevención de riesgos laborales :
_bnormativa de seguridad e higiene en el puesto de trabajo /
_cVíctor Manuel Cabaleiro Portela.
250 _a3.a edición.
264 1 _aVigo :
_bIdeaspropias,
_c2010.
300 _a232 páginas :
_bilsutraciones ;
_c24 centímetros
336 _atext
_2rdacontent
337 _aunmediated
_2rdamedia
338 _avolume
_2rdacarrier
504 _aBibliografía : página 225.
505 0 _aConceptos básicos sobre seguridad y salud en el trabajo -- Riesgos generales y su prevención -- Elementos básicos de gestión de prevención de riesgos -- Primeros auxilios.
526 _aP202
526 _aP201
526 _aP163
526 _aP162
526 _aP161
526 _aP160
526 _aP148
526 _aP147
526 _aP146
526 _aP145
526 _aP144
526 _aP143
526 _aP142
526 _aP141
526 _aP140
526 _aP139
526 _aP138
526 _aP137
526 _aP136
526 _aP135
526 _aP134
526 _aP133
526 _aP129
526 _aP128
526 _aP127
526 _aP120
526 _aP119
526 _aP118
526 _aP116
526 _aP115
526 _aP114
526 _aP110
526 _aP109
526 _aP108
526 _aP104
526 _aP103
526 _aP102
526 _aP99
526 _aP98
526 _aP97
526 _aP96
526 _aP95
526 _aP93
526 _aP90
526 _aP89
526 _aP88
526 _aP83
526 _aP82
526 _aP62
526 _aP59
526 _aP58
526 _aP57
526 _aP51
526 _aP49
526 _aP48
526 _aP47
526 _aP29
526 _aP24
526 _aP20
526 _aP19
526 _aP17
526 _aP15
526 _aP14
526 _aP12
526 _aP10
526 _aP09
526 _aP08
526 _aP07
526 _aP06
526 _aP05
526 _aP04
526 _aP01
541 _g022-00000048;
650 7 _aSeguridad industrial.
_2embne
_933
650 7 _aIndustrial safety.
_2embne
910 _adbm
_bncf
_cncf
_d20180518
942 _2ddc
_cBOOK
949 _a344.0465 C12
_wDEWEY
_c1
_i78619
_lCATALOGIN
_mBUL
_p30.55
_r0
_sY
_tBOOK
_u2018-05-18
_xINGENIERIA
_PP24
_0COMPRA
_o.STAFF. Colección Ingeniería y Arquitectura
949 _a344.0465 C12
_wDEWEY
_c2
_i78620
_lCATALOGIN
_mBUL
_p30.55
_r0
_sY
_tBOOK
_u2018-05-18
_xINGENIERIA
_PP24
_0COMPRA
_o.STAFF. Colección Ingeniería y Arquitectura
994 _aC0
_bPEPRU
596 _a1
999 _a344.0465 C12
_wDEWEY
_c27539
_i78619
_f2021-11-9
_g4
_lCCODEBUL1
_mBUL
_p30.55
_r0
_sY
_tBOOK
_u2018-5-18
_xINGENIERIA
_PP24
_0COMPRA
_o.STAFF. Colección Ingeniería y Arquitectura
_d27539
999 _a344.0465 C12
_wDEWEY
_c2
_i78620
_f2021-11-9
_g4
_lCCODEBUL1
_mBUL
_p30.55
_r0
_sY
_tBOOK
_u2018-5-18
_xINGENIERIA
_PP24
_0COMPRA
_o.STAFF. Colección Ingeniería y Arquitectura
980 _81
_gALBERTO SANCHEZ Responsable de Automatización